000 01078nam a2200253Ia 4500
003 OSt
005 20220930094906.0
006 a|||||r|||| 00| 0
007 ta
008 220926b |||||||| |||| 00| 0 hin d
024 _a32548
037 _cTheses
040 _aCRL
_cCRL
_bhin
041 _2hin
_ahin
100 _aत्यागी, अंकुर, ले.
110 _aदिल्ली विश्वविद्यालय. कला संकाय. संस्कृत
_9556620
245 0 _aसाङ्ख्यतत्त्वकौमुदी पर शिवनारायण कृत सारबोधिनी टीका का अध्ययन
246 _aSānkhyatattvakaumudī par shivanārāyaṇ kṛut sārabodhinī ṭīkā kā adhyayana
260 _c2014
300 _a270पृ.
_ap.
_ccm.
700 _aदिल्ली विश्वविद्यालय. कला संकाय. संस्कृत
_9556621
942 _cDIS
_2CC
999 _c887880
_d887880